Osobnosť kľúčového významu (K 420. výročiu smrti Michelangela.)

Bibliographic Details
Format: Article
Language:Slovak
Subjects:

MARC

LEADER 00000nab a2200000 a 4500
001 vtls000174010
003 SK-MaSNL
005 20260302210220.0
008 140328c1984 xo 0 slo
015 |a SNBRB19rr/mm-uuuuu 
035 |a CL0184122 
040 |a SNKBUCL  |b slo  |c SNKBUCL  |e AACR2 
041 0 |a slo 
044 |a xo  |c SK 
080 |a 730.071.1  |2 1981 
080 |a 75.071.1  |2 1981 
080 |a 929 Michelangelo Buonarroti  |2 1981 
245 0 0 |a Osobnosť kľúčového významu  |b (K 420. výročiu smrti Michelangela.)  |c (SŠ) 
600 0 7 |a Michelangelo Buonarroti,  |d 1475-1564  |2 snkbucl  |9 115762 
655 7 |a články z novín a časopisov  |2 snkbucl  |9 267496 
773 0 |t Duchovný pastier  |g Roč. 65, č. 2 (1984), s. 81-82 
850 |a Slovenská národná knižnica v Martine  |a MTA001 
852 |a SNK  |b KIS3GCP 
992 |a RBX 
999 |c 1481435  |d 1483365